| 000 | 01110nam a2200133Ia 4500 | ||
|---|---|---|---|
| 008 | 171212s9999 xx 000 0 und d | ||
| 020 | _a9780833082190 | ||
| 100 | _aHeginbotham, Eric;Nixon, Michael;Morgan, Forrest E.;Heim, Jacob L.;Hagen, Jeff;Li, Sheng;Engstrom, Jeffrey;Libicki, Martin C.;DeLuca, Paul;Shlapak, David A.;Frelinger, David R.;Laird, Burgess;Brady, Kyle;Morris, Lyle J. | ||
| 245 |
_cHeginbotham, Eric;Nixon, Michael;Morgan, Forrest E.;Heim, Jacob L.;Hagen, Jeff;Li, Sheng;Engstrom, Jeffrey;Libicki, Martin C.;DeLuca, Paul;Shlapak, David A.;Frelinger, David R.;Laird, Burgess;Brady, Kyle;Morris, Lyle J. _aThe U.S.-China Military Scorecard _bForces, Geography, and the Evolving Balance of Power, 1996–2017 |
||
| 260 |
_bRAND Corporation _c2015 |
||
| 650 | _aChina -- Strategic aspects; China -- Military policy; United States -- Military policy; Spratly Islands -- Strategic aspects; Taiwan -- Strategic aspects; National security -- China; National security -- United States; National security -- Pacific Area; C | ||
| 650 | _aHistory | ||
| 856 | _uhttp://jstor.org/stable/10.7249/j.ctt17rw5gb | ||
| 999 |
_c352731 _d352731 |
||